Statystyki dla Prawostronne dopływy Odry [i Warty + Noteć]

Kliknij tutaj aby rozwiązać quiz!

Ogólne statystyki

  • Ten quiz został rozwiązany 50 razy
  • Średni wynik to 5 z 8

Statystyki odpowiedzi

Odpowiedź% Poprawnych
Noteć
80%
Warta
80%
Barycz
67%
Obra
60%
Prosna
57%
Gwda
53%
Mała Panew
47%
Drawa
43%

Rozkład punktacji

Percentyl według liczby udzielonych odpowiedzi

Procent ludzi z każdym wynikiem

Twoja historia wyników

Nie rozwiązałeś tego quizu